[Event "BL2 Ost 1617 (Women)"]
[Site "Germany"]
[Date "2017.03.26"]
[Round "7.4"]
[White "Schmidt, Alexandra"]
[Black "Schuster, Rebekka"]
[Result "0-1"]
[WhiteElo "1543"]
[BlackElo "1826"]
[PlyCount "66"]
[EventDate "2016.10.22"]
[EventType "team-tourn"]
[EventRounds "7"]
[EventCountry "GER"]
[SourceTitle "EXT 2018"]
[Source "ChessBase"]
[SourceDate "2017.10.13"]
[SourceVersion "1"]
[SourceVersionDate "2017.10.13"]
[SourceQuality "1"]
[WhiteTeam "Coswig (W)"]
[BlackTeam "Zoerbig Loeberitz (W)"]
[WhiteTeamCountry "GER"]
[BlackTeamCountry "GER"]

1. e4 e6 2. d4 d5 3. exd5 exd5 4. Nf3 Bg4 5. Bd3 Bd6 6. c3 Ne7 7. Be3 Nd7 8. Nbd2 Ng6 9. 0-0 0-0 10. h3 Bxf3 11. Nxf3 Nf4 12. Bxf4 Bxf4 13. Qc2 h6 14. Rfe1 Qf6 15. Re2 c6 16. Rae1 Bd6 17. Bf5 Rfd8 18. Ne5 Nf8 19. Re3 Bxe5 20. dxe5 Qh4 21. e6 fxe6 22. Bxe6+ Nxe6 23. Rxe6 Rf8 24. Re7 b5 25. Rc7 Rae8 26. Rxe8 Rxe8 27. Rxc6 Re1+ 28. Kh2 Qf4+ 29. g3 Qf3 30. Rc8+ Kf7 31. Rc7+ Kf8 32. Rc8+ Ke7 33. Rc7+ Kd8 0-1

[Event "GER-chT U14 Girls"]
[Site "Regensburg"]
[Date "2014.12.29"]
[Round "6.2"]
[White "Schmidt, Alexandra"]
[Black "Schulz, Theresa Charlotte"]
[Result "1-0"]
[WhiteElo "1498"]
[BlackElo "1532"]
[PlyCount "43"]
[EventDate "2014.12.27"]
[EventType "team-swiss"]
[EventRounds "7"]
[EventCountry "GER"]
[SourceTitle "EXT 2016"]
[Source "ChessBase"]
[SourceDate "2015.10.08"]
[SourceVersion "1"]
[SourceVersionDate "2015.10.08"]
[SourceQuality "1"]
[WhiteTeam "Leipzig SG"]
[BlackTeam "Erfurt Empor"]
[WhiteTeamCountry "GER"]
[BlackTeamCountry "GER"]

1. e4 c5 2. Nc3 Nc6 3. Bb5 g6 4. Bxc6 bxc6 5. f4 Bg7 6. Nf3 e6 7. 0-0 Ne7 8. d3 d5 9. Qe1 Qb6 10. Kh1 Ba6 11. e5 Nf5 12. Rb1 c4 13. d4 0-0 14. g4 Ne7 15. Qh4 Rae8 16. Ng5 h6 17. Nf3 f5 18. Rg1 Kf7 19. b3 Qa5 20. Na4 Rg8 21. Ba3 Bf8 22. Qf6# 1-0

[Event "GER-chT U14 Girls"]
[Site "Regensburg"]
[Date "2014.12.29"]
[Round "5.2"]
[White "Simon, Tessa"]
[Black "Schmidt, Alexandra"]
[Result "1-0"]
[WhiteElo "1841"]
[BlackElo "1498"]
[PlyCount "79"]
[EventDate "2014.12.27"]
[EventType "team-swiss"]
[EventRounds "7"]
[EventCountry "GER"]
[SourceTitle "EXT 2016"]
[Source "ChessBase"]
[SourceDate "2015.10.08"]
[SourceVersion "1"]
[SourceVersionDate "2015.10.08"]
[SourceQuality "1"]
[WhiteTeam "Wilkau Hasslau Muldental"]
[BlackTeam "Leipzig SG"]
[WhiteTeamCountry "GER"]
[BlackTeamCountry "GER"]

1. e4 e6 2. d4 d5 3. Nc3 Bb4 4. e5 c5 5. a3 Bxc3+ 6. bxc3 Nc6 7. Nf3 Nge7 8. h4 Bd7 9. h5 h6 10. Bd3 Qa5 11. Bd2 0-0-0 12. g4 c4 13. Be2 Rdg8 14. Qc1 Qd8 15. Kf1 Qf8 16. g5 Nf5 17. Nh4 Nce7 18. Nxf5 Nxf5 19. Bg4 hxg5 20. Bxf5 exf5 21. Bxg5 f6 22. exf6 gxf6 23. Bf4 Qg7 24. Bg3 Qg4 25. Qf4 Qxf4 26. Bxf4 Rg4 27. Bd6 Kd8 28. f3 Rg5 29. h6 Ba4 30. Re1 Kd7 31. Bc5 Bc6 32. Re7+ Kd8 33. Rg7 Ke8 34. Re7+ Kd8 35. Kf2 Rg6 36. h7 f4 37. Rg1 Rxg1 38. Kxg1 a6 39. Rg7 Be8 40. Bb6+ 1-0

[Event "GER-chT U14 Girls"]
[Site "Regensburg"]
[Date "2014.12.27"]
[Round "2.2"]
[White "Fuchs, Joline"]
[Black "Schmidt, Alexandra"]
[Result "1/2-1/2"]
[WhiteElo "1416"]
[BlackElo "1498"]
[PlyCount "119"]
[EventDate "2014.12.27"]
[EventType "team-swiss"]
[EventRounds "7"]
[EventCountry "GER"]
[SourceTitle "EXT 2016"]
[Source "ChessBase"]
[SourceDate "2015.10.08"]
[SourceVersion "1"]
[SourceVersionDate "2015.10.08"]
[SourceQuality "1"]
[WhiteTeam "Chemnitz USG"]
[BlackTeam "Leipzig SG"]
[WhiteTeamCountry "GER"]
[BlackTeamCountry "GER"]

1. e4 e6 2. d4 d5 3. Nc3 Bb4 4. exd5 exd5 5. Nf3 Ne7 6. Bd3 0-0 7. 0-0 Nbc6 8. Be3 Be6 9. a3 Bd6 10. Ne2 Ng6 11. Ng3 Nce7 12. Qd2 c6 13. Nh5 Bg4 14. Ng3 Qc7 15. Qd1 Bf4 16. Re1 Rfe8 17. c3 Qd6 18. Rc1 b6 19. Rb1 Qf6 20. Bc2 Bxf3 21. Qxf3 Bxg3 22. Qxg3 h6 23. Qh3 Qh4 24. Qf3 Rf8 25. Re2 Rae8 26. Rbe1 Nc8 27. g3 Qd8 28. Bd3 Re6 29. Bf5 Rf6 30. Qg4 Nce7 31. Bd3 Qc8 32. Qxc8 Rxc8 33. Bd2 Kf8 34. Kg2 Nf5 35. Kg1 Nd6 36. b3 Re8 37. a4 Rxe2 38. Rxe2 Rf3 39. Bc2 Rf6 40. Kf1 Nf5 41. Ke1 Nfe7 42. Kd1 Ke8 43. Kc1 Kd7 44. Kb2 Re6 45. Bd3 Rxe2 46. Bxe2 Ke6 47. Bd3 Nc8 48. Ka3 Nd6 49. f3 Ne7 50. Kb4 g5 51. a5 f5 52. h3 Kf6 53. Ka4 Ke6 54. Bc1 Kd7 55. Bd2 Ke6 56. axb6 axb6 57. b4 b5+ 58. Kb3 Kf6 59. Kc2 h5 60. h4 1/2-1/2

[Event "Magdeburg op-B"]
[Site "Magdeburg"]
[Date "2014.06.10"]
[Round "4"]
[White "Schmidt, Alexandra"]
[Black "Henning, Marvin"]
[Result "1/2-1/2"]
[WhiteElo "1487"]
[BlackElo "1569"]
[PlyCount "70"]
[EventDate "2014.06.08"]
[EventType "swiss"]
[EventRounds "9"]
[EventCountry "GER"]
[SourceTitle "CBM 160 Extra"]
[Source "ChessBase"]
[SourceDate "2014.07.01"]
[SourceVersion "1"]
[SourceVersionDate "2014.07.01"]
[SourceQuality "1"]

1. e4 c5 2. Nc3 g6 3. f4 a6 4. Nf3 Bg7 5. Be2 b5 6. a3 Bb7 7. d3 d6 8. 0-0 Nd7 9. Qe1 h6 10. Nd1 e6 11. f5 Ngf6 12. fxe6 fxe6 13. Qg3 Nf8 14. e5 dxe5 15. Nxe5 Nh5 16. Rxf8+ Rxf8 17. Qxg6+ Ke7 18. Bxh5 Qd4+ 19. Ne3 Qxe5 20. Bd2 Qg5 21. Nd5+ Qxd5 22. Qxg7+ Kd6 23. Bf3 Rxf3 24. gxf3 Qxf3 25. Qg3+ Qxg3+ 26. hxg3 Rg8 27. Kh2 Rf8 28. Be3 h5 29. Re1 Rf5 30. Kg1 Bd5 31. Rf1 Rxf1+ 32. Kxf1 Bf3 33. Ke1 Kd5 34. Kd2 a5 35. Bg5 Bg4 1/2-1/2

[Event "Magdeburg op-B"]
[Site "Magdeburg"]
[Date "2014.06.08"]
[Round "1"]
[White "Hoeglauer, Jenny"]
[Black "Schmidt, Alexandra"]
[Result "0-1"]
[WhiteElo "1141"]
[BlackElo "1487"]
[PlyCount "100"]
[EventDate "2014.06.08"]
[EventType "swiss"]
[EventRounds "9"]
[EventCountry "GER"]
[SourceTitle "CBM 160 Extra"]
[Source "ChessBase"]
[SourceDate "2014.07.01"]
[SourceVersion "1"]
[SourceVersionDate "2014.07.01"]
[SourceQuality "1"]

1. e4 d5 2. exd5 Qxd5 3. Nc3 Qa5 4. d3 c6 5. Nf3 Nf6 6. g3 Bg4 7. Bg2 e6 8. 0-0 Bd6 9. Qd2 0-0 10. Ne4 Qxd2 11. Nfxd2 Nxe4 12. Nxe4 Bc7 13. Bd2 Nd7 14. Bb4 Rfd8 15. f4 a5 16. Bc3 e5 17. fxe5 Nxe5 18. Rae1 Re8 19. Ng5 h6 20. Bxe5 Bxe5 21. Nxf7 Bxb2 22. Rb1 Bd4+ 23. Kh1 Be2 24. Rf4 Be3 25. Rf5 g6 26. Re5 Kxf7 27. Rxb7+ Kf8 28. Rxe8+ Rxe8 29. Bxc6 Rc8 30. Be4 Rxc2 31. Rb8+ Kg7 32. Rb7+ Kf6 33. d4 Rc1+ 34. Kg2 Rg1+ 35. Kh3 Bf1+ 36. Kg4 Be2+ 37. Kh3 Bf1+ 38. Kg4 Bxd4 39. Rc7 h5+ 40. Kf3 g5 41. Rc6+ Ke5 42. Rg6 g4+ 43. Rxg4 hxg4+ 44. Kxg4 Kxe4 45. h4 Bf2 46. Kg5 Rxg3+ 47. Kh6 Be3+ 48. Kh7 Kf3 49. h5 Bd3+ 50. Kh8 Bd4# 0-1

[Event "GER-chT U14 Girls"]
[Site "Magdeburg"]
[Date "2013.12.27"]
[Round "1.2"]
[White "Christiansen, Anna"]
[Black "Schmidt, Alexandra"]
[Result "0-1"]
[WhiteElo "1094"]
[BlackElo "1358"]
[PlyCount "110"]
[EventDate "2013.12.27"]
[EventType "team-swiss"]
[EventRounds "4"]
[EventCountry "GER"]
[SourceTitle "EXT 2015"]
[Source "ChessBase"]
[SourceDate "2014.11.20"]
[SourceVersion "1"]
[SourceVersionDate "2014.11.20"]
[SourceQuality "1"]
[WhiteTeam "Schachelschweine"]
[BlackTeam "Leipzig SG"]
[WhiteTeamCountry "GER"]
[BlackTeamCountry "GER"]

1. e4 e6 2. d4 d5 3. e5 c5 4. Be3 Qb6 5. dxc5 Qxb2 6. Bd4 Qb4+ 7. c3 Qa5 8. Nf3 Bxc5 9. Bxc5 Qxc5 10. Nd4 Ne7 11. Bd3 Nbc6 12. 0-0 0-0 13. Bc2 h6 14. Bd3 Nxe5 15. Be2 N5g6 16. f4 Nxf4 17. Rxf4 e5 18. Rh4 exd4 19. cxd4 Qb6 20. Kh1 Nf5 21. Rh5 Qxd4 22. Nd2 g6 23. Rh3 Ne3 24. Rxe3 Qxe3 25. Nf1 Qe5 26. Ng3 Bf5 27. Nxf5 Qxf5 28. Qd2 h5 29. Rf1 Qe5 30. Bd1 Rae8 31. Qf2 d4 32. Bc2 Qe2 33. Qf6 Qxc2 34. Qxd4 Qxa2 35. Qb4 Qe2 36. Qf4 a5 37. h3 Qe4 38. Qc1 b5 39. Qb2 b4 40. Qa2 Ra8 41. Rc1 Rfc8 42. Rf1 Qe6 43. Qb2 b3 44. Rf2 a4 45. Qa3 Qe1+ 46. Rf1 Qxf1+ 47. Kh2 Qf4+ 48. Kh1 Rc1+ 49. Qxc1 Qxc1+ 50. Kh2 b2 51. h4 b1R 52. Kh3 Qe3+ 53. Kh2 a3 54. g3 Qg1+ 55. Kh3 Qh1# 0-1

[Event "GER-ch U25 op-B"]
[Site "Oberhof"]
[Date "2013.05.25"]
[Round "9"]
[White "Vuckovic, Robert"]
[Black "Schmidt, Alexandra"]
[Result "1/2-1/2"]
[WhiteElo "944"]
[BlackElo "1512"]
[PlyCount "141"]
[EventDate "2013.05.19"]
[EventType "swiss"]
[EventRounds "9"]
[EventCountry "GER"]
[SourceTitle "CBM 154 Extra"]
[Source "ChessBase"]
[SourceDate "2013.06.25"]
[SourceVersion "2"]
[SourceVersionDate "2013.06.25"]
[SourceQuality "1"]

1. e4 e6 2. d4 d5 3. e5 c5 4. c3 Nc6 5. Nf3 Qb6 6. Bd3 Bd7 7. dxc5 Bxc5 8. 0-0 Nge7 9. b4 Nxb4 10. cxb4 Bd4 11. Be3 Bxe3 12. fxe3 Qxe3+ 13. Kh1 0-0 14. Qb3 Qb6 15. Nc3 Nc6 16. b5 Nd4 17. Nxd4 Qxd4 18. Rad1 Qxe5 19. Rfe1 Qc7 20. Rc1 Rfc8 21. Ne2 Qb6 22. Rxc8+ Rxc8 23. Rd1 Rc5 24. a4 a6 25. Qa3 a5 26. Qb2 Qc7 27. Rc1 Rxc1+ 28. Qxc1 Qxc1+ 29. Nxc1 h6 30. Nb3 b6 31. Kg1 Kf8 32. Kf2 Ke7 33. Ke3 e5 34. Nd2 Kf6 35. Be2 Bf5 36. Bd3 Bxd3 37. Kxd3 Kf5 38. Ke3 g5 39. Nf3 g4 40. Nh4+ Kg5 41. g3 f5 42. Ng2 h5 43. Kd3 f4 44. gxf4+ exf4 45. Kd4 f3 46. Ne3 h4 47. Nxd5 g3 48. hxg3 hxg3 49. Ke3 f2 50. Ke2 Kg4 51. Ne3+ Kf4 52. Ng2+ Ke4 53. Ne3 Kd4 54. Kf3 Kc3 55. Kxg3 Kb4 56. Kxf2 Kxa4 57. Ke2 Kxb5 58. Kd2 Ka4 59. Kc1 Kb3 60. Kb1 b5 61. Nc2 b4 62. Nd4+ Kc3 63. Nb5+ Kc4 64. Nd6+ Kc3 65. Nb5+ Kc4 66. Nd6+ Kd5 67. Nb7 a4 68. Na5 b3 69. Kb2 Kd4 70. Nxb3+ axb3 71. Kxb3 1/2-1/2

[Event "GER-ch U25 op-B"]
[Site "Oberhof"]
[Date "2013.05.21"]
[Round "4"]
[White "Silber, Kevin"]
[Black "Schmidt, Alexandra"]
[Result "1/2-1/2"]
[WhiteElo "1542"]
[BlackElo "1512"]
[PlyCount "52"]
[EventDate "2013.05.19"]
[EventType "swiss"]
[EventRounds "9"]
[EventCountry "GER"]
[SourceTitle "CBM 154 Extra"]
[Source "ChessBase"]
[SourceDate "2013.06.25"]
[SourceVersion "2"]
[SourceVersionDate "2013.06.25"]
[SourceQuality "1"]

1. e4 e6 2. d4 d5 3. e5 c5 4. c3 Nc6 5. Nf3 Qb6 6. a3 c4 7. Be2 Nge7 8. 0-0 Ng6 9. Qc2 Be7 10. Be3 0-0 11. Nbd2 Qc7 12. Rfd1 f6 13. exf6 Bxf6 14. Nf1 Nce7 15. Qc1 e5 16. dxe5 Nxe5 17. Bf4 Nxf3+ 18. Bxf3 Be5 19. Bg5 Rf5 20. Bxe7 Qxe7 21. Bxd5+ Be6 22. Bxb7 Qxb7 23. Qe3 Qb6 24. Qe2 Rc8 25. Ne3 Rg5 26. h4 Rg6 1/2-1/2

[Event "GER-ch U25 op-B"]
[Site "Oberhof"]
[Date "2013.05.19"]
[Round "1"]
[White "Schmidt, Alexandra"]
[Black "Arnold, Alexandria"]
[Result "1-0"]
[WhiteElo "1512"]
[BlackElo "999"]
[PlyCount "71"]
[EventDate "2013.05.19"]
[EventType "swiss"]
[EventRounds "9"]
[EventCountry "GER"]
[SourceTitle "CBM 154 Extra"]
[Source "ChessBase"]
[SourceDate "2013.06.25"]
[SourceVersion "2"]
[SourceVersionDate "2013.06.25"]
[SourceQuality "1"]

1. e4 e5 2. Nf3 Nc6 3. Bc4 Bc5 4. c3 Nf6 5. d3 d6 6. Bb3 Be6 7. Bc2 Ng4 8. d4 exd4 9. cxd4 Bb4+ 10. Nc3 d5 11. 0-0 dxe4 12. Bxe4 Ne7 13. Qa4+ Nc6 14. Bxc6+ bxc6 15. Qxb4 Nf6 16. Bg5 h6 17. Bxf6 Qxf6 18. Ne4 Qf4 19. Rfe1 Qg4 20. h3 Qg6 21. Ne5 Qf5 22. Nxc6 Kd7 23. Ne5+ Kc8 24. Rac1 Rb8 25. Nd6+ Kd8 26. Qxb8+ Ke7 27. Qxc7+ Kf6 28. Nxf5 Kxf5 29. Rc5 Rc8 30. Nd3+ Kf6 31. Qf4+ Ke7 32. Rxc8 g5 33. Qc7+ Kf6 34. Qd8+ Kg6 35. Ne5+ Kg7 36. Qh8# 1-0

[Event "Sachsen-ch U14 Girls"]
[Site "Sebnitz"]
[Date "2013.04.06"]
[Round "7"]
[White "Schmidt, Alexandra"]
[Black "Kluge, Leyla"]
[Result "0-1"]
[WhiteElo "1280"]
[BlackElo "1530"]
[PlyCount "74"]
[EventDate "2013.04.02"]
[EventType "swiss"]
[EventRounds "7"]
[EventCountry "GER"]
[SourceTitle "EXT 2014"]
[Source "ChessBase"]
[SourceDate "2013.11.20"]
[SourceVersion "1"]
[SourceVersionDate "2013.11.20"]
[SourceQuality "1"]

1. e4 c5 2. Nf3 Nc6 3. d4 cxd4 4. Nxd4 g6 5. Nc3 Bg7 6. Be3 d6 7. Bb5 Bd7 8. Qd2 Nf6 9. 0-0-0 0-0 10. Bh6 Nxd4 11. Bxg7 Kxg7 12. Bxd7 Qxd7 13. Qxd4 Qe6 14. Kb1 Kg8 15. f3 Rfc8 16. Nd5 Nxd5 17. Qxd5 Qxd5 18. Rxd5 Rc6 19. g4 Rac8 20. Rd2 a6 21. h4 Rc5 22. c3 h5 23. g5 Rb5 24. Rd5 Rxd5 25. exd5 Rc5 26. Rd1 Rc4 27. Rd4 Rxd4 28. cxd4 f6 29. f4 fxg5 30. fxg5 Kf7 31. Kc2 e6 32. dxe6+ Kxe6 33. Kd3 Kf5 34. Kc4 Ke4 35. b4 b5+ 36. Kc3 d5 37. a3 Ke3 0-1

[Event "Sachsen-ch U12 Girls"]
[Site "Sebnitz"]
[Date "2012.04.13"]
[Round "5"]
[White "Schmidt, Alexandra"]
[Black "Hagenbeck Huebert, Lara"]
[Result "1/2-1/2"]
[WhiteElo "1231"]
[BlackElo "1146"]
[PlyCount "81"]
[EventDate "2012.04.10"]
[EventType "swiss"]
[EventRounds "7"]
[EventCountry "GER"]
[SourceTitle "CBM 148 Extra"]
[Source "ChessBase"]
[SourceDate "2012.06.22"]
[SourceVersion "1"]
[SourceVersionDate "2012.06.22"]
[SourceQuality "1"]

1. e4 e5 2. Nf3 Nc6 3. Bc4 Bc5 4. c3 Nf6 5. d4 exd4 6. cxd4 Bb4+ 7. Nc3 Nxe4 8. 0-0 Bxc3 9. d5 Bf6 10. Re1 0-0 11. Rxe4 Ne7 12. Bg5 Ng6 13. Qd2 d6 14. Rae1 Bf5 15. R4e2 Bg4 16. Bxf6 Qxf6 17. Re3 c5 18. h3 Qf4 19. Re4 Qxd2 20. Nxd2 Bf5 21. R4e3 Ne5 22. f4 Nxc4 23. Nxc4 Rad8 24. Re7 Bd3 25. Na5 Ba6 26. Nxb7 Bxb7 27. Rxb7 Rb8 28. Ree7 Rxb7 29. Rxb7 a5 30. b3 Ra8 31. Rd7 a4 32. bxa4 f6 33. Rxd6 Rxa4 34. f5 Rxa2 35. Rd8+ Kf7 36. Rd7+ Kf8 37. Rc7 Ra5 38. d6 Ra1+ 39. Kh2 Rd1 40. d7 Ke7 41. Rxc5 1/2-1/2

[Event "Sachsen-ch U12 Girls"]
[Site "Sebnitz"]
[Date "2012.04.12"]
[Round "4"]
[White "Fromm, Katja"]
[Black "Schmidt, Alexandra"]
[Result "1-0"]
[WhiteElo "1454"]
[BlackElo "1231"]
[PlyCount "81"]
[EventDate "2012.04.10"]
[EventType "swiss"]
[EventRounds "7"]
[EventCountry "GER"]
[SourceTitle "CBM 148 Extra"]
[Source "ChessBase"]
[SourceDate "2012.06.22"]
[SourceVersion "1"]
[SourceVersionDate "2012.06.22"]
[SourceQuality "1"]

1. d4 e6 2. c4 d5 3. Nc3 Nf6 4. Bg5 Bb4 5. e3 Nbd7 6. a3 Bxc3+ 7. bxc3 h6 8. Bh4 0-0 9. Nf3 b6 10. Be2 Bb7 11. 0-0 c5 12. cxd5 Bxd5 13. Ne5 Nxe5 14. dxe5 g5 15. Bxg5 hxg5 16. exf6 Qxf6 17. c4 Bc6 18. Bf3 Bxf3 19. Qxf3 Qxf3 20. gxf3 Kg7 21. Rad1 Rad8 22. Kg2 Kg6 23. Kg3 f5 24. f4 g4 25. Rg1 Kh5 26. h3 gxh3 27. Kxh3 Rxd1 28. Rxd1 Rf7 29. Rd6 Re7 30. f3 Kg6 31. e4 Kf6 32. a4 Kg6 33. a5 bxa5 34. Ra6 a4 35. Rxa4 Rc7 36. Ra6 Kf6 37. e5+ Kf7 38. Kh4 Ke7 39. Kg5 Kd7 40. Kf6 Rc6 41. Rxa7+ 1-0

[Event "Sachsen-ch U12 Girls"]
[Site "Sebnitz"]
[Date "2012.04.11"]
[Round "3"]
[White "Schmidt, Alexandra"]
[Black "Simon, Tessa"]
[Result "0-1"]
[WhiteElo "1231"]
[BlackElo "1523"]
[PlyCount "38"]
[EventDate "2012.04.10"]
[EventType "swiss"]
[EventRounds "7"]
[EventCountry "GER"]
[SourceTitle "CBM 148 Extra"]
[Source "ChessBase"]
[SourceDate "2012.06.22"]
[SourceVersion "1"]
[SourceVersionDate "2012.06.22"]
[SourceQuality "1"]

1. e4 e5 2. Nf3 Nc6 3. Bc4 Bc5 4. c3 Nf6 5. d4 exd4 6. cxd4 Bb4+ 7. Nc3 Nxe4 8. 0-0 Bxc3 9. d5 Bf6 10. dxc6 bxc6 11. Re1 d5 12. Bd3 0-0 13. Bxe4 dxe4 14. Qxd8 Rxd8 15. Rxe4 Bg4 16. Bf4 Bxb2 17. Rb1 Bf5 18. Rbe1 Bc3 19. Bxc7 Bxe4 0-1

[Event "Sachsen-ch U12 Girls"]
[Site "Sebnitz"]
[Date "2011.04.27"]
[Round "2"]
[White "Schmidt, Alexandra"]
[Black "Dietrich, Michelle"]
[Result "1-0"]
[WhiteElo "941"]
[BlackElo "1118"]
[PlyCount "81"]
[EventDate "2011.04.26"]
[EventType "swiss"]
[EventRounds "7"]
[EventCountry "GER"]
[SourceTitle "EXT 2012"]
[Source "ChessBase"]
[SourceDate "2011.11.24"]
[SourceVersion "1"]
[SourceVersionDate "2011.11.24"]
[SourceQuality "1"]

1. d4 d5 2. c4 dxc4 3. Nf3 Nf6 4. Nc3 Bg4 5. e3 e6 6. Bxc4 Bb4 7. Bd2 Nc6 8. h3 Bh5 9. Qb3 Bxf3 10. gxf3 a6 11. f4 b5 12. Bxe6 fxe6 13. Qxe6+ Ne7 14. Rg1 Kf8 15. Ke2 Qd6 16. Qe5 Qxe5 17. fxe5 Nd7 18. Rg3 g6 19. Rf3+ Kg7 20. Rg1 Raf8 21. Rgg3 c5 22. h4 h5 23. a3 Bxc3 24. Bxc3 Kh7 25. e6 cxd4 26. Bxd4 Rhg8 27. exd7 Rd8 28. Rf7+ Kh6 29. Rxe7 Rb8 30. Bf6 g5 31. Bxg5+ Kg6 32. Bf4+ Kf5 33. Bxb8 Rxg3 34. fxg3 Kf6 35. d8Q Kf5 36. Bf4 Kg4 37. Kf2 Kh3 38. Qd1 a5 39. Rg7 Kh2 40. Qg1+ Kh3 41. Qg2# 1-0